| 000 | 00783cam a22002531 4500 | ||
|---|---|---|---|
| 001 | sa 68005232 | ||
| 003 | DLC | ||
| 005 | 20260227112507.0 | ||
| 008 | 870212s1967 bg b 000 0 benr | ||
| 010 | _asa 68005232 | ||
| 020 | _cRs 2.25 | ||
| 025 | _aPL480:EP-B-1441 | ||
| 035 | _a(OCoLC)23580876 | ||
| 040 |
_aDLC _cMiU _dDLC |
||
| 042 | _apremarc | ||
| 050 | 0 | 0 |
_aD199.3 _b.Q3 |
| 100 | 1 |
_aQuasem, Mohammad Abul, _d1920- _ecomp. |
|
| 245 | 1 | 0 |
_aEkamātra patha. _cSampādanāẏaḥ Mohāmmada Ābula Kasema. |
| 260 |
_a[Ḍhākā, _bPākistāna tamadduna majalimera pakshe Mohāmmada Nurannabī; paribeśaneḥ Kāmarula Āhamāna, _c1967] |
||
| 300 |
_a157 p. _b22 cm. |
||
| 500 | _aIn Bengali. | ||
| 504 | _aBibliographical footnotes. | ||
| 650 | 0 | _aIslamic civilization | |
| 999 |
_c80591 _d80591 |
||